10 meistgesprochene Sprachen (mit 2 Hinweisen) - Statistiken

Allgemein
  • Dieses Quiz wurde 8 mal gespielt
  • Das Durchschnittsergebnis liegt bei 6 aus 10
Antwortstatistiken
Rang Sprachfamilie Gesamtsprecher Sprache % Korrekt
1. Indogermanische Sprachen 1.453 Mio. Englisch
100%
4. Indogermanische Sprachen 559 Mio. Spanisch
100%
5. Indogermanische Sprachen 274 Mio. Französisch
86%
6. Afroasiatische Sprachen 274 Mio. Hocharabisch
86%
8. Indogermanische Sprachen 258 Mio. Russisch
86%
3. Indogermanische Sprachen 610 Mio. Hindi
57%
9. Indogermanische Sprachen 258 Mio. Portugiesisch
57%
2. Sinotibetische Sprachen 1.118 Mio. Mandarin-Chinesisch
14%
7. Indogermanische Sprachen 273 Mio. Bengalisch
0%
10. Indogermanische Sprachen 231 Mio. Urdu
0%
Keine übereinstimmenden Quizze gefunden
Verteilung der Resultate
Anzahl Personen mit jedem Resultat
Perzentil nach korrekt beantworteten Fragen
Ihre Resultats-Entwicklung
Sie haben dieses Quiz noch nicht gespielt